000 01065nam a2200121Ia 4500
008 220615s9999||||xx |||||||||||||| ||und||
100 _aHughes, Ciaran||Isaacson, Joshua||Perry, Anastasia||Sun, Ranbel F.||Turner, Jessica
245 0 _aQuantum Computing for the Quantum Curious
546 _aEnglish[eng]
650 _aQuantum Physics||Quantum Computing||Computer Science, general||Science Education||Quantum Information Technology, Spintronics||Computer Science||Spintronics||Open Access||Introduction to quantum computing||quantum computing textbook||quantum computing for high school students||introduction to quantum cryptography||quantum gates||quantum algorithms||quantum superposition||what is a qubit?||quantum key distribution||Quantum physics (quantum mechanics & quantum field theory)||Mathematical theory of computation||Teaching of a specific subject||Science: general issues
856 _uhttps://library.oapen.org/bitstream/20.500.12657/48236/1/9783030616014.pdf||https://library.oapen.org/bitstream/20.500.12657/48236/1/9783030616014.pdf
942 _cEB
999 _c7751
_d7751